[Event "European Individual Chess Championship "]
[Site "Reykjavik, Iceland"]
[Date "2021.08.31"]
[Round "6.30"]
[White "Ivic, Velimir"]
[Black "Vogel, Roven"]
[Result "1-0"]
[WhiteElo "2571"]
[BlackElo "2441"]
[PlyCount "57"]
[EventDate "2021.08.26"]

1. d4 {[%emt 0:00:12]} d5 {[%emt 0:00:23]} 2. c4 {[%emt 0:00:23]} e6 {[%emt 0:
00:07]} 3. Nc3 {[%emt 0:00:21]} Nf6 {[%emt 0:00:25]} 4. Nf3 {[%emt 0:00:20]}
Be7 {[%emt 0:00:56]} 5. Bf4 {[%emt 0:00:21]} O-O {[%emt 0:00:11]} 6. e3 {
[%emt 0:00:04]} c5 {[%emt 0:00:11]} 7. dxc5 {[%emt 0:01:02]} Bxc5 {[%emt 0:00:
08]} 8. Qc2 {[%emt 0:01:40]} Nc6 {[%emt 0:00:42]} 9. Rd1 {[%emt 0:00:35]} Qa5 {
[%emt 0:13:53]} 10. a3 {[%emt 0:00:53]} h6 {[%emt 0:11:39]} 11. Be2 {[%emt 0:
15:55]} dxc4 {[%emt 0:21:09]} 12. Bxc4 {[%emt 0:00:50]} Be7 {[%emt 0:01:09]}
13. O-O {[%emt 0:06:16]} Nh5 {[%emt 0:05:32]} 14. Bd6 {[%emt 0:16:58]} Nf6 {
[%emt 0:02:04]} 15. b4 {[%emt 0:02:53]} Qh5 {[%emt 0:00:44]} 16. Bg3 {[%emt 0:
02:17]} e5 {[%emt 0:06:20]} 17. Be2 {[%emt 0:07:29]} Bf5 {[%emt 0:01:38]} 18.
Qb2 {[%emt 0:02:45]} Bg4 {[%emt 0:00:21]} 19. h3 {[%emt 0:03:05]} Bxf3 {
[%emt 0:00:20]} 20. Bxf3 {[%emt 0:00:04]} Qf5 {[%emt 0:00:17]} 21. Nd5 {
[%emt 0:02:28]} Rae8 {[%emt 0:03:10]} 22. b5 {[%emt 0:02:18]} Nb8 {[%emt 0:02:
22]} 23. Nxf6+ {[%emt 0:05:52]} Bxf6 {[%emt 0:00:53]} 24. Bxb7 {[%emt 0:00:16]}
Re7 {[%emt 0:01:07]} 25. Bd5 {[%emt 0:00:53]} Nd7 {[%emt 0:02:12]} 26. Qb4 {
[%emt 0:01:07]} Rc8 {[%emt 0:00:55]} 27. Bb7 {[%emt 0:03:24]} Rb8 {[%emt 0:00:
56]} 28. Be4 {[%emt 0:00:42]} Qe6 {[%emt 0:00:08]} 29. Rd6 {[%emt 0:00:45]} 1-0

[Event "European Individual Chess Championship "]
[Site "Reykjavik, Iceland"]
[Date "2021.08.31"]
[Round "6.31"]
[White "Petenyi, Tamas"]
[Black "Can, Emre"]
[Result "1/2-1/2"]
[WhiteElo "2463"]
[BlackElo "2569"]
[PlyCount "73"]
[EventDate "2021.08.26"]

1. e4 {[%emt 0:00:28]} c5 {[%emt 0:00:38]} 2. Nf3 {[%emt 0:00:15]} d6 {[%emt 0:
00:48]} 3. d4 {[%emt 0:00:47]} cxd4 {[%emt 0:00:27]} 4. Nxd4 {[%emt 0:00:10]}
Nf6 {[%emt 0:00:28]} 5. Nc3 {[%emt 0:00:11]} a6 {[%emt 0:00:33]} 6. Be3 {
[%emt 0:02:15]} e5 {[%emt 0:00:35]} 7. Nb3 {[%emt 0:00:56]} Be6 {[%emt 0:00:55]
} 8. f3 {[%emt 0:02:09]} Nc6 {[%emt 0:01:59]} 9. Qd2 {[%emt 0:09:17]} d5 {
[%emt 0:02:22]} 10. exd5 {[%emt 0:07:53]} Nxd5 {[%emt 0:00:38]} 11. Nxd5 {
[%emt 0:02:32]} Qxd5 {[%emt 0:00:12]} 12. Qxd5 {[%emt 0:05:19]} Bxd5 {[%emt 0:
00:10]} 13. O-O-O {[%emt 0:00:47]} O-O-O {[%emt 0:00:50]} 14. Bd3 {[%emt 0:07:
17]} g6 {[%emt 0:03:33]} 15. c3 {[%emt 0:10:19]} Kc7 {[%emt 0:04:49]} 16. Bc2 {
[%emt 0:05:49]} Be7 {[%emt 0:04:55]} 17. Rd2 {[%emt 0:00:42]} b6 {[%emt 0:04:
54]} 18. Rhd1 {[%emt 0:03:45]} Be6 {[%emt 0:00:09]} 19. Rxd8 {[%emt 0:00:37]}
Bxd8 {[%emt 0:01:33]} 20. Nd2 {[%emt 0:01:11]} Ne7 {[%emt 0:05:20]} 21. Bg5 {
[%emt 0:04:47]} Nd5 {[%emt 0:13:30]} 22. Ne4 {[%emt 0:06:06]} h6 {[%emt 0:02:
28]} 23. Bd2 {[%emt 0:05:28]} f5 {[%emt 0:10:05]} 24. Bb3 {[%emt 0:07:35]} Kc6
{[%emt 0:07:12]} 25. Nf2 {[%emt 0:00:17]} Bc7 {[%emt 0:00:14]} 26. Re1 {
[%emt 0:00:45]} Bf7 {[%emt 0:14:51]} 27. Nd3 {[%emt 0:01:12]} Re8 {[%emt 0:01:
08]} 28. Bxh6 {[%emt 0:02:34]} Bd6 {[%emt 0:04:22]} 29. Bd2 {[%emt 0:04:07]} e4
{[%emt 0:00:38]} 30. Nf2 {[%emt 0:01:53]} exf3 {[%emt 0:05:03]} 31. Rxe8 {
[%emt 0:01:35]} Bxe8 {[%emt 0:00:15]} 32. gxf3 {[%emt 0:01:18]} Bxh2 {[%emt 0:
00:08]} 33. Nh3 {[%emt 0:00:22]} Bd6 {[%emt 0:00:15]} 34. Kd1 {[%emt 0:01:03]}
Bc5 {[%emt 0:03:13]} 35. Ke2 {[%emt 0:01:45]} Kd6 {[%emt 0:00:52]} 36. Nf4 {
[%emt 0:00:32]} Nxf4+ {[%emt 0:01:15]} 37. Bxf4+ {[%emt 0:00:07]} 1/2-1/2

[Event "European Individual Chess Championship "]
[Site "Reykjavik, Iceland"]
[Date "2021.08.31"]
[Round "6.35"]
[White "Petrov, Martin"]
[Black "Subelj, Jan"]
[Result "1/2-1/2"]
[WhiteElo "2521"]
[BlackElo "2412"]
[PlyCount "58"]
[EventDate "2021.08.26"]

1. e4 {[%emt 0:00:24]} e5 {[%emt 0:01:01]} 2. Nf3 {[%emt 0:00:09]} Nc6 {
[%emt 0:00:14]} 3. Bc4 {[%emt 0:00:30]} Nf6 {[%emt 0:00:42]} 4. d3 {[%emt 0:00:
48]} Bc5 {[%emt 0:01:11]} 5. O-O {[%emt 0:00:21]} d6 {[%emt 0:00:44]} 6. c3 {
[%emt 0:00:25]} h6 {[%emt 0:00:47]} 7. Re1 {[%emt 0:01:00]} O-O {[%emt 0:01:58]
} 8. Nbd2 {[%emt 0:01:31]} a5 {[%emt 0:00:53]} 9. Nf1 {[%emt 0:00:50]} a4 {
[%emt 0:01:37]} 10. h3 {[%emt 0:01:47]} Ra5 {[%emt 0:01:09]} 11. Ng3 {[%emt 0:
01:32]} b5 {[%emt 0:04:03]} 12. b4 {[%emt 0:00:07]} axb3 {[%emt 0:19:33]} 13.
Bxb3 {[%emt 0:00:11]} Bb6 {[%emt 0:02:18]} 14. d4 {[%emt 0:08:22]} Ra8 {
[%emt 0:02:56]} 15. Be3 {[%emt 0:15:32]} Bd7 {[%emt 0:14:29]} 16. Qc1 {[%emt 0:
10:07]} Kh7 {[%emt 0:01:43]} 17. Bc2 {[%emt 0:03:00]} Re8 {[%emt 0:06:47]} 18.
Rd1 {[%emt 0:08:23]} Na5 {[%emt 0:03:36]} 19. dxe5 {[%emt 0:19:39]} Bxe3 {
[%emt 0:02:21]} 20. Qxe3 {[%emt 0:00:08]} Nc4 21. Qe2 {[%emt 0:01:44]} dxe5 22.
Bb3 {[%emt 0:05:55]} Nd6 {[%emt 0:02:07]} 23. Rd2 {[%emt 0:02:52]} Qe7 {
[%emt 0:01:25]} 24. Rad1 {[%emt 0:00:06]} g6 {[%emt 0:00:37]} 25. Nh2 {[%emt 0:
07:53]} Bc6 {[%emt 0:05:01]} 26. Ng4 {[%emt 0:02:54]} Ndxe4 27. Nxe4 Nxe4 {
[%emt 0:00:05]} 28. Qe3 {[%emt 0:00:11]} Qg5 {[%emt 0:00:40]} 29. Rd7 {[%emt 0:
05:04]} Bxd7 {[%emt 0:01:10]} 1/2-1/2

[Event "European Individual Chess Championship "]
[Site "Reykjavik, Iceland"]
[Date "2021.08.31"]
[Round "6.39"]
[White "Stefansson, Vignir Vatnar"]
[Black "Steingrimsson, Hedinn"]
[Result "1/2-1/2"]
[WhiteElo "2371"]
[BlackElo "2519"]
[PlyCount "196"]
[EventDate "2021.08.26"]

1. c4 {[%emt 0:02:33]} e5 {[%emt 0:02:47]} 2. e3 {[%emt 0:00:17]} Nf6 {[%emt 0:
13:33]} 3. Nc3 {[%emt 0:00:28]} c6 {[%emt 0:01:05]} 4. d4 {[%emt 0:02:03]} exd4
{[%emt 0:00:39]} 5. Qxd4 {[%emt 0:01:39]} Na6 {[%emt 0:07:49]} 6. a3 {[%emt 0:
00:20]} Nc5 {[%emt 0:02:58]} 7. Rb1 {[%emt 0:01:20]} Nb3 {[%emt 0:04:57]} 8.
Qd1 {[%emt 0:00:18]} Qb6 {[%emt 0:02:25]} 9. Bd2 {[%emt 0:08:39]} Nxd2 {
[%emt 0:02:41]} 10. Qxd2 {[%emt 0:00:33]} Be7 {[%emt 0:01:39]} 11. Bd3 {
[%emt 0:05:12]} O-O {[%emt 0:01:23]} 12. Nge2 {[%emt 0:00:38]} Re8 {[%emt 0:05:
09]} 13. O-O {[%emt 0:03:09]} d6 {[%emt 0:04:47]} 14. b4 {[%emt 0:04:22]} Bd7 {
[%emt 0:05:00]} 15. Nf4 {[%emt 0:05:05]} Rad8 {[%emt 0:03:00]} 16. a4 {[%emt 0:
04:11]} Bc8 {[%emt 0:04:10]} 17. a5 {[%emt 0:02:59]} Qc7 {[%emt 0:00:03]} 18.
Qc2 {[%emt 0:00:56]} g6 {[%emt 0:02:08]} 19. Qa2 {[%emt 0:08:17]} d5 {[%emt 0:
04:47]} 20. cxd5 {[%emt 0:16:47]} Qe5 {[%emt 0:00:10]} 21. Qc2 {[%emt 0:09:48]}
cxd5 {[%emt 0:04:00]} 22. g3 {[%emt 0:02:48]} d4 {[%emt 0:11:10]} 23. exd4 {
[%emt 0:00:06]} Rxd4 {[%emt 0:00:01]} 24. Rfe1 {[%emt 0:01:24]} Qc7 {[%emt 0:
05:19]} 25. Ne4 {[%emt 0:07:49]} Qd8 {[%emt 0:00:15]} 26. Nxf6+ {[%emt 0:01:40]
} Bxf6 {[%emt 0:00:01]} 27. Bb5 {[%emt 0:01:08]} Bd7 {[%emt 0:03:13]} 28. Bxd7
{[%emt 0:00:46]} Qxd7 {[%emt 0:01:13]} 29. Rxe8+ {[%emt 0:00:49]} Qxe8 30. Rd1
{[%emt 0:00:21]} Qc6 {[%emt 0:01:28]} 31. Qb1 {[%emt 0:00:48]} Qc4 {[%emt 0:03:
07]} 32. Rxd4 {[%emt 0:01:12]} Bxd4 {[%emt 0:00:01]} 33. Kg2 {[%emt 0:01:22]}
Qc6+ {[%emt 0:00:32]} 34. Kg1 {[%emt 0:01:04]} Qc4 {[%emt 0:00:39]} 35. Kg2 {
[%emt 0:00:14]} Bc3 {[%emt 0:01:23]} 36. Nd3 {[%emt 0:04:49]} Kg7 {[%emt 0:01:
00]} 37. f3 {[%emt 0:00:50]} Qd4 {[%emt 0:00:18]} 38. g4 {[%emt 0:01:57]} Qe3 {
[%emt 0:01:26]} 39. Qc2 {[%emt 0:00:20]} Bd4 {[%emt 0:01:48]} 40. Qd1 {[%emt 0:
00:40]} h5 {[%emt 0:00:53]} 41. gxh5 {[%emt 0:02:23]} Qg5+ {[%emt 0:02:07]} 42.
Kh1 {[%emt 0:00:06]} Qxh5 {[%emt 0:00:10]} 43. Qe2 {[%emt 0:05:50]} Qg5 {
[%emt 0:02:24]} 44. Qe1 {[%emt 0:00:14]} Kh7 {[%emt 0:05:03]} 45. Qc1 {[%emt 0:
07:07]} Qb5 {[%emt 0:06:52]} 46. Qd2 {[%emt 0:00:46]} Qc4 {[%emt 0:01:18]} 47.
Qe2 {[%emt 0:00:52]} Qb3 {[%emt 0:08:31]} 48. Kg2 {[%emt 0:01:04]} Kg7 {
[%emt 0:00:52]} 49. Qe4 {[%emt 0:01:44]} Bc3 {[%emt 0:00:13]} 50. Kg3 {[%emt 0:
02:03]} Qb1 {[%emt 0:00:44]} 51. Kg2 {[%emt 0:00:24]} Qc2+ {[%emt 0:00:38]} 52.
Kg3 {[%emt 0:01:13]} Qd1 {[%emt 0:00:33]} 53. Kg2 {[%emt 0:00:13]} Qd2+ {
[%emt 0:00:34]} 54. Kg3 {[%emt 0:00:31]} Qg5+ {[%emt 0:00:29]} 55. Kf2 {
[%emt 0:00:58]} Kf8 {[%emt 0:00:47]} 56. Qc4 {[%emt 0:01:28]} Qd2+ {[%emt 0:00:
22]} 57. Kg3 {[%emt 0:00:13]} Kg7 {[%emt 0:01:25]} 58. Qe4 {[%emt 0:00:13]} Qd1
{[%emt 0:00:40]} 59. Kg2 {[%emt 0:00:10]} Qc2+ {[%emt 0:00:22]} 60. Kg3 {
[%emt 0:00:28]} Qb1 {[%emt 0:00:02]} 61. Kg2 {[%emt 0:00:25]} Qa2+ {[%emt 0:00:
05]} 62. Kg3 {[%emt 0:00:35]} Qa1 {[%emt 0:00:20]} 63. Kg2 {[%emt 0:01:27]} Bd4
{[%emt 0:00:04]} 64. Qe2 {[%emt 0:01:54]} Qg1+ {[%emt 0:01:02]} 65. Kh3 {
[%emt 0:00:04]} Be3 {[%emt 0:00:25]} 66. f4 {[%emt 0:02:06]} Bd4 {[%emt 0:03:
44]} 67. Qf3 {[%emt 0:00:07]} Qb1 {[%emt 0:00:53]} 68. f5 {[%emt 0:02:28]} g5 {
[%emt 0:00:11]} 69. Qe2 {[%emt 0:03:08]} Kf6 {[%emt 0:00:33]} 70. Qe4 {[%emt 0:
00:56]} Qg1 {[%emt 0:01:15]} 71. b5 {[%emt 0:01:37]} a6 {[%emt 0:00:42]} 72.
bxa6 {[%emt 0:00:11]} bxa6 {[%emt 0:00:01]} 73. Nb4 {[%emt 0:02:00]} Qf1+ {
[%emt 0:01:15]} 74. Kg4 {[%emt 0:00:20]} Qg1+ {[%emt 0:03:51]} 75. Kh3 {
[%emt 0:00:03]} Qf1+ {[%emt 0:00:29]} 76. Kg4 {[%emt 0:00:03]} Qd1+ {[%emt 0:
00:25]} 77. Qf3 {[%emt 0:00:08]} Qg1+ {[%emt 0:00:13]} 78. Qg3 {[%emt 0:00:19]}
Qd1+ {[%emt 0:00:13]} 79. Qf3 Qxf3+ {[%emt 0:01:04]} 80. Kxf3 {[%emt 0:00:03]}
Kxf5 {[%emt 0:00:39]} 81. Nxa6 {[%emt 0:00:26]} Bc3 {[%emt 0:00:19]} 82. h3 {
[%emt 0:00:18]} Bxa5 {[%emt 0:00:03]} 83. Nc5 {[%emt 0:00:05]} Bb4 {[%emt 0:00:
21]} 84. Nd3 {[%emt 0:00:10]} Bd6 {[%emt 0:00:03]} 85. Nf2 {[%emt 0:00:08]} Kg6
{[%emt 0:00:25]} 86. Ne4 {[%emt 0:01:04]} Bc7 {[%emt 0:00:18]} 87. Nc5 {
[%emt 0:00:15]} Bb6 {[%emt 0:00:25]} 88. Nd3 {[%emt 0:00:12]} Bc7 {[%emt 0:00:
12]} 89. Nc5 {[%emt 0:00:05]} Kh5 {[%emt 0:00:13]} 90. Nd3 {[%emt 0:00:19]} Kh4
{[%emt 0:00:08]} 91. Kg2 {[%emt 0:00:05]} Bb6 {[%emt 0:01:01]} 92. Ne5 {
[%emt 0:00:15]} f6 {[%emt 0:00:06]} 93. Nc4 {[%emt 0:00:26]} Bc5 {[%emt 0:00:
25]} 94. Nd2 {[%emt 0:00:20]} Kh5 {[%emt 0:00:14]} 95. Kf3 {[%emt 0:00:15]} Kg6
{[%emt 0:00:03]} 96. Ne4 {[%emt 0:00:17]} Ba7 {[%emt 0:00:04]} 97. Nxf6 {
[%emt 0:00:21]} Kxf6 {[%emt 0:00:05]} 98. h4 {[%emt 0:00:03]} gxh4 {[%emt 0:00:
06]} 1/2-1/2

[Event "European Individual Chess Championship "]
[Site "Reykjavik, Iceland"]
[Date "2021.08.31"]
[Round "6.40"]
[White "Mazur, Stefan"]
[Black "Jones, Gawain C B"]
[Result "1/2-1/2"]
[WhiteElo "2416"]
[BlackElo "2684"]
[PlyCount "108"]
[EventDate "2021.08.26"]

1. e4 {[%emt 0:04:49]} e5 {[%emt 0:00:13]} 2. Nf3 {[%emt 0:00:44]} Nc6 {
[%emt 0:00:06]} 3. Nc3 {[%emt 0:00:20]} Nf6 {[%emt 0:00:07]} 4. d4 {[%emt 0:00:
11]} exd4 {[%emt 0:00:24]} 5. Nxd4 {[%emt 0:00:07]} Bb4 {[%emt 0:00:40]} 6.
Nxc6 {[%emt 0:00:11]} bxc6 {[%emt 0:00:05]} 7. Bd3 {[%emt 0:00:09]} d5 {
[%emt 0:01:09]} 8. exd5 {[%emt 0:00:28]} O-O {[%emt 0:00:07]} 9. O-O {[%emt 0:
00:09]} cxd5 {[%emt 0:00:06]} 10. Bg5 {[%emt 0:00:25]} c6 {[%emt 0:06:13]} 11.
Qf3 {[%emt 0:00:34]} h6 {[%emt 0:03:02]} 12. Bxf6 {[%emt 0:01:35]} Qxf6 {
[%emt 0:00:11]} 13. Qxf6 {[%emt 0:00:13]} gxf6 {[%emt 0:00:02]} 14. Ne2 {
[%emt 0:00:49]} Bd6 {[%emt 0:03:45]} 15. Nd4 {[%emt 0:05:36]} c5 {[%emt 0:00:
09]} 16. Nf5 {[%emt 0:00:37]} Bxf5 {[%emt 0:01:55]} 17. Bxf5 {[%emt 0:00:14]}
Rfe8 {[%emt 0:00:30]} 18. Rad1 {[%emt 0:17:45]} Rad8 {[%emt 0:01:12]} 19. Rfe1
{[%emt 0:01:10]} Be5 {[%emt 0:03:30]} 20. Kf1 {[%emt 0:06:36]} Kf8 {[%emt 0:04:
35]} 21. b3 {[%emt 0:05:29]} Bc3 {[%emt 0:00:56]} 22. Rxe8+ {[%emt 0:00:41]}
Rxe8 {[%emt 0:00:06]} 23. Bd7 {[%emt 0:04:23]} Re7 {[%emt 0:00:45]} 24. Bc6 {
[%emt 0:00:22]} d4 {[%emt 0:00:06]} 25. Bb5 {[%emt 0:00:46]} Re5 {[%emt 0:00:
45]} 26. Be2 {[%emt 0:04:23]} Ke7 {[%emt 0:00:21]} 27. Rd3 {[%emt 0:01:00]} c4
{[%emt 0:05:28]} 28. Rd1 {[%emt 0:09:53]} d3 {[%emt 0:03:43]} 29. cxd3 {
[%emt 0:00:51]} cxb3 {[%emt 0:00:04]} 30. axb3 {[%emt 0:00:14]} Rb5 {[%emt 0:
00:05]} 31. Rb1 {[%emt 0:01:50]} Bd4 {[%emt 0:04:56]} 32. Bd1 {[%emt 0:01:30]}
Rf5 {[%emt 0:03:43]} 33. Bf3 {[%emt 0:00:49]} Rc5 {[%emt 0:04:15]} 34. Re1+ {
[%emt 0:02:55]} Kd6 {[%emt 0:00:06]} 35. Re4 {[%emt 0:00:56]} Rc1+ {[%emt 0:00:
10]} 36. Ke2 {[%emt 0:01:13]} Bb6 {[%emt 0:00:06]} 37. Kd2 {[%emt 0:03:26]} Rf1
{[%emt 0:01:41]} 38. d4 {[%emt 0:01:21]} Rxf2+ {[%emt 0:00:36]} 39. Kc3 {
[%emt 0:01:05]} Rf1 {[%emt 0:02:24]} 40. Rh4 {[%emt 0:04:01]} Rc1+ {[%emt 0:00:
56]} 41. Kd3 {[%emt 0:01:46]} Ba5 {[%emt 0:07:57]} 42. Rxh6 {[%emt 0:03:31]}
Rc3+ {[%emt 0:00:09]} 43. Ke4 {[%emt 0:04:44]} Rxb3 {[%emt 0:01:37]} 44. Rxf6+
{[%emt 0:00:11]} Ke7 {[%emt 0:00:04]} 45. Rf5 {[%emt 0:02:08]} Bd2 {[%emt 0:05:
42]} 46. Re5+ {[%emt 0:05:42]} Kf6 {[%emt 0:01:10]} 47. Rf5+ {[%emt 0:01:24]}
Kg7 {[%emt 0:00:42]} 48. d5 {[%emt 0:01:56]} Rb4+ {[%emt 0:06:30]} 49. Kd3 {
[%emt 0:03:12]} Bf4 {[%emt 0:00:37]} 50. Kc3 {[%emt 0:06:26]} Bd6 {[%emt 0:04:
43]} 51. Rg5+ {[%emt 0:00:19]} Kf6 {[%emt 0:00:41]} 52. Rg4 {[%emt 0:00:59]}
Rxg4 {[%emt 0:03:33]} 53. Bxg4 {[%emt 0:00:07]} Bxh2 {[%emt 0:00:04]} 54. Bf3 {
[%emt 0:00:24]} Bd6 {[%emt 0:00:17]} 1/2-1/2

[Event "European Individual Chess Championship "]
[Site "Reykjavik, Iceland"]
[Date "2021.08.31"]
[Round "6.41"]
[White "Unuk, Laura"]
[Black "Nguyen, Thai Dai Van"]
[Result "0-1"]
[WhiteElo "2407"]
[BlackElo "2588"]
[PlyCount "52"]
[EventDate "2021.08.26"]

1. d4 Nf6 2. c4 e6 3. Nc3 Bb4 4. e3 O-O 5. Bd3 d5 6. Nf3 dxc4 7. Bxc4 c5 8. O-O
Bd7 9. Ne2 cxd4 10. Nexd4 Qe7 11. Ne5 Bd6 12. Nxd7 Nbxd7 13. b3 Nb6 14. Bd3
Rfd8 15. Bb2 Ba3 16. Bxa3 Qxa3 17. Qe2 Rac8 18. Nb5 Qa5 19. Rac1 a6 20. Nd4 e5
21. Nf5 Rxc1 22. Rxc1 e4 23. Bxe4 Nxe4 24. Qg4 Qe5 25. f3 Nd6 26. Rd1 Rd7 0-1

[Event "European Individual Chess Championship "]
[Site "Reykjavik, Iceland"]
[Date "2021.08.31"]
[Round "6.42"]
[White "Martinovic, Sasa"]
[Black "Maltsevskaya, Aleksandra"]
[Result "1-0"]
[WhiteElo "2548"]
[BlackElo "2409"]
[PlyCount "79"]
[EventDate "2021.08.26"]

1. d4 Nf6 2. c4 e6 3. Nc3 d5 4. cxd5 exd5 5. Bg5 Nbd7 6. e3 Be7 7. Bd3 h6 8.
Bf4 a6 9. Nf3 c5 10. Ne5 cxd4 11. exd4 O-O 12. O-O Nb8 13. Re1 Nc6 14. Bc2 Be6
15. Nxc6 bxc6 16. Qd3 Bd6 17. Be5 g6 18. Qg3 Nh5 19. Qf3 Re8 20. Na4 Bxe5 21.
Rxe5 Qh4 22. Qc3 Nf6 23. h3 Nd7 24. Re2 Nf6 25. Rae1 Nh5 26. Re5 Nf4 27. Nc5
Re7 28. Qg3 Qf6 29. R1e3 g5 30. h4 g4 31. Bf5 Ng6 32. Bxe6 Nxe5 33. dxe5 Qg7
34. Bxg4 d4 35. Re4 Rd8 36. Nd3 Qg6 37. Qf3 c5 38. e6 c4 39. Bf5 Qg7 40. Rg4
1-0

[Event "European Individual Chess Championship "]
[Site "Reykjavik, Iceland"]
[Date "2021.08.31"]
[Round "6.43"]
[White "Suleymanli, Aydin"]
[Black "Fruebing, Stefan"]
[Result "1-0"]
[WhiteElo "2536"]
[BlackElo "2406"]
[PlyCount "85"]
[EventDate "2021.08.26"]

1. d4 d5 2. c4 c6 3. Nf3 Nf6 4. Qc2 dxc4 5. e4 b5 6. b3 cxb3 7. axb3 e6 8. Bd2
a5 9. Bd3 Bb7 10. O-O Be7 11. Rc1 Nbd7 12. Nc3 b4 13. Na4 Rc8 14. e5 Nd5 15.
Nc5 Nxc5 16. dxc5 Ra8 17. Be4 Qc7 18. h4 h6 19. Bxd5 exd5 20. Nd4 Qxe5 21. Nf5
Qe4 22. Nd6+ Bxd6 23. Re1 Be7 24. Rxe4 dxe4 25. Qxe4 Kf8 26. Re1 Bf6 27. Qf4
Rd8 28. Qc7 Rxd2 29. Qb8+ Rd8 30. Qxb7 g6 31. h5 g5 32. Qxc6 Kg7 33. Re3 Rc8
34. Qb6 Bd4 35. Re7 Bf6 36. Rd7 Rhd8 37. Rxd8 Rxd8 38. Qxa5 Rd1+ 39. Kh2 Bd4
40. c6 Rc1 41. Qd5 Bxf2 42. Qe5+ Kg8 43. c7 1-0

[Event "European Individual Chess Championship "]
[Site "Reykjavik, Iceland"]
[Date "2021.08.31"]
[Round "6.44"]
[White "Valsecchi, Alessio"]
[Black "Milikow, Elie"]
[Result "1/2-1/2"]
[WhiteElo "2527"]
[BlackElo "2242"]
[PlyCount "85"]
[EventDate "2021.08.26"]

1. d4 Nf6 2. c4 e6 3. Nf3 Bb4+ 4. Nbd2 d5 5. g3 a5 6. Bg2 dxc4 7. a3 Bxd2+ 8.
Qxd2 O-O 9. Ne5 Ra7 10. Nxc4 b6 11. b3 Bb7 12. f3 Nc6 13. Bb2 Qe7 14. e4 Rd8
15. Qe3 e5 16. Nxe5 Nxe5 17. dxe5 Nd7 18. O-O-O Raa8 19. Qc3 Nc5 20. Bh3 Ba6
21. Kb1 Be2 22. Rd5 Nd3 23. Rg1 c6 24. Rxd8+ Rxd8 25. Bf1 Bxf1 26. Rxf1 Nxb2
27. Kxb2 c5 28. Rc1 h6 29. f4 Rd4 30. Rc2 Qd7 31. a4 Kh7 32. f5 Rxe4 33. f6
gxf6 34. exf6 Qd4 35. Qxd4 Rxd4 36. Kc3 Kg6 37. Rf2 Re4 38. Rf3 Kg5 39. h3 Kg6
40. Kd3 Rd4+ 41. Kc3 Kg5 42. Rd3 Re4 43. Rd6 1/2-1/2

[Event "European Individual Chess Championship "]
[Site "Reykjavik, Iceland"]
[Date "2021.08.31"]
[Round "6.45"]
[White "Kaasen, Tor Fredrik"]
[Black "Ftacnik, Lubomir"]
[Result "0-1"]
[WhiteElo "2406"]
[BlackElo "2513"]
[PlyCount "58"]
[EventDate "2021.08.26"]

1. e4 c5 2. Nf3 d6 3. d4 cxd4 4. Nxd4 Nf6 5. Nc3 a6 6. Be2 e6 7. Be3 Be7 8. g4
Nfd7 9. Qd2 b5 10. a3 Bb7 11. g5 Nb6 12. h4 N8d7 13. h5 Rc8 14. O-O-O Ne5 15.
g6 Nbc4 16. Bxc4 Nxc4 17. Qe2 Bf6 18. f4 Qe7 19. Rhg1 hxg6 20. e5 dxe5 21. fxe5
Bxe5 22. hxg6 f6 23. Rd3 b4 24. axb4 Qxb4 25. Qg4 Qxb2+ 26. Kd1 Nxe3+ 27. Rxe3
Qa1+ 28. Kd2 Rh2+ 29. Nce2 Qxd4+ 0-1

[Event "European Individual Chess Championship "]
[Site "Reykjavik, Iceland"]
[Date "2021.08.31"]
[Round "6.46"]
[White "Samadov, Read"]
[Black "Kozak, Adam"]
[Result "1/2-1/2"]
[WhiteElo "2360"]
[BlackElo "2504"]
[PlyCount "125"]
[EventDate "2021.08.26"]

1. d4 Nf6 2. c4 e6 3. Nc3 d5 4. cxd5 Nxd5 5. e4 Nxc3 6. bxc3 c5 7. Nf3 cxd4 8.
cxd4 Bb4+ 9. Bd2 Bxd2+ 10. Qxd2 O-O 11. Bc4 Nd7 12. O-O Nf6 13. Rfe1 b6 14. a4
Bb7 15. Bd3 a5 16. Qb2 Rb8 17. Rac1 Qe7 18. Ne5 Rfd8 19. Qxb6 Bxe4 20. Qxa5
Bxd3 21. Nxd3 Ra8 22. Qc5 Qe8 23. Nb2 h6 24. Ra1 Rdc8 25. Qb5 Qd8 26. Qd3 Nd5
27. Rac1 Rcb8 28. Qd2 Rb4 29. Rc5 Rab8 30. Rb5 R8xb5 31. axb5 Rxb5 32. Nc4 Qb8
33. Rc1 Rb1 34. g3 Rb4 35. Ne3 Rb5 36. Rc5 Rb1+ 37. Kg2 Nxe3+ 38. Qxe3 Qb7+ 39.
Kh3 Rb3 40. Rc3 Rb2 41. Qf4 f5 42. Qe5 Qd5 43. Qxd5 exd5 44. Rf3 g6 45. Kg2 Rd2
46. Ra3 Rxd4 47. Ra7 Kf8 48. Rd7 h5 49. Kf3 h4 50. gxh4 Rxh4 51. Rxd5 Rxh2 52.
Rd7 Rh4 53. Ra7 Re4 54. Kg3 Re7 55. Ra6 Kg7 56. Rb6 Kh6 57. Rb5 Rc7 58. Ra5 Rc1
59. Rb5 Kg7 60. Rb6 Kh6 61. Rb5 Kh7 62. Rb7+ Kh6 63. Rb5 1/2-1/2

[Event "European Individual Chess Championship "]
[Site "Reykjavik, Iceland"]
[Date "2021.08.31"]
[Round "6.48"]
[White "Kjartansson, Gudmundur"]
[Black "Saraci, Korab"]
[Result "1/2-1/2"]
[WhiteElo "2470"]
[BlackElo "2154"]
[PlyCount "198"]
[EventDate "2021.08.26"]

1. c4 c5 2. Nf3 Nc6 3. Nc3 g6 4. e3 Bg7 5. d4 cxd4 6. exd4 d6 7. d5 Nb8 8. Be2
Nf6 9. Nd4 O-O 10. O-O Nbd7 11. Be3 Nc5 12. f3 Bd7 13. b4 Na6 14. a3 Nc7 15.
Rc1 Rc8 16. Qd2 Na8 17. c5 dxc5 18. bxc5 Qa5 19. Qa2 Nh5 20. Nb3 Qc7 21. Qd2 a5
22. Nb5 Bxb5 23. Bxb5 Qe5 24. Nxa5 Nc7 25. Bc6 Nxd5 26. Bxd5 Rfd8 27. Nc4 Rxd5
28. Nxe5 Rxd2 29. Bxd2 Bxe5 30. Be3 Ra8 31. Rb1 Rxa3 32. Bf2 Nf4 33. Rxb7 Nd3
34. Rxe7 Ra2 35. c6 Rc2 36. Rd7 Nxf2 37. Rxf2 Rxc6 38. g3 h5 39. Re2 Bf6 40.
Ra2 Bc3 41. Kg2 Bb4 42. Raa7 Rf6 43. h4 Bc5 44. Rac7 Bb6 45. Rb7 Bc5 46. f4 Be3
47. Kf3 Bg1 48. Rb5 Kg7 49. Rbd5 Ra6 50. f5 Ra3+ 51. Kg2 Be3 52. fxg6 Kxg6 53.
Rb5 Ra2+ 54. Kf3 Bd2 55. Rdd5 f6 56. Rxh5 Be1 57. g4 Rf2+ 58. Ke3 Rh2 59. Kf3
Bxh4 60. Rb8 Rf2+ 61. Ke3 Rh2 62. Rbh8 Bf2+ 63. Kf4 Rxh5 64. gxh5+ Kg7 65. Rd8
Kh6 66. Kg4 Kg7 67. Rd7+ Kh6 68. Rd6 Kg7 69. Rd8 Be1 70. Kf5 Bc3 71. Rd7+ Kh6
72. Rd1 Bb2 73. Rg1 Be5 74. Rg8 Bb2 75. Rg3 Be5 76. Rg1 Bb2 77. Rg8 Be5 78. Kg4
Bb2 79. Rg6+ Kh7 80. Kf5 Be5 81. Ke6 Bb2 82. Kf7 Be5 83. Rg8 Bb2 84. Rc8 Be5
85. Ra8 Bb2 86. Rg8 Be5 87. Rg6 Bb2 88. Ke6 Be5 89. Kf5 Bb2 90. Kg4 Bc3 91. Kf4
Bd2+ 92. Ke4 Bc3 93. Kd5 Bb2 94. Kd6 Be5+ 95. Ke7 Bb2 96. Kf7 Bc3 97. h6 Be5
98. Rxf6 Bxf6 99. Kxf6 Kxh6 1/2-1/2

[Event "European Individual Chess Championship "]
[Site "Reykjavik, Iceland"]
[Date "2021.08.31"]
[Round "6.49"]
[White "Heimisson, Hilmir Freyr"]
[Black "Horvath, Dominik"]
[Result "0-1"]
[WhiteElo "2309"]
[BlackElo "2455"]
[PlyCount "88"]
[EventDate "2021.08.26"]

1. d4 Nf6 2. c4 e6 3. g3 d5 4. Nf3 Bb4+ 5. Bd2 a5 6. Bg2 O-O 7. O-O dxc4 8. Qc1
Bxd2 9. Nbxd2 b5 10. a4 c6 11. e4 Na6 12. e5 Nd5 13. Ne4 Nab4 14. Rd1 Rb8 15.
h4 Nd3 16. Qd2 bxa4 17. Rdb1 Rb4 18. Bf1 f5 19. Nc3 c5 20. Nxd5 Qxd5 21. Bg2
cxd4 22. Ne1 Qxe5 23. Nxd3 cxd3 24. Qxd3 Qd6 25. Rd1 Bd7 26. Rac1 e5 27. Qc2 e4
28. Qc7 Qxc7 29. Rxc7 Rd8 30. g4 d3 31. f3 Bb5 32. fxe4 fxe4 33. Re7 Re8 34.
Rxe8+ Bxe8 35. Rd2 Bd7 36. g5 Bf5 37. Kf2 Kf7 38. Ke3 Ke6 39. Kf4 g6 40. Bh1
Rc4 41. Bg2 Rc2 42. Ke3 Ke5 43. h5 Rxd2 44. Kxd2 Kd4 0-1